Southville International School and Colleges
Your cart is empty.
  • Cart
  • Lists
    Public lists Eva Luna New books Lux_list list_1
    Your lists Log in to create your own lists
  • Log in to your account
  • Your cookies
  • Search history
Southville International School and Colleges
  • Advanced search
  • Recent comments
  • Most popular
  • Libraries

Log in to your account

Log in with GOOGLE


If you do not have an external account, but do have a local account, you can still log in:

  1. Home
  2. MARC view: Index guide for travelers in the Philippine islands /
Normal view MARC view ISBD view

Index guide for travelers in the Philippine islands / (Record no. 48362)

[ view plain ]
MARC details
000 -LEADER
fixed length control field 00627nam a2200205Ia 4500
003 - CONTROL NUMBER IDENTIFIER
control field PILC
005 - DATE AND TIME OF LATEST TRANSACTION
control field 20160222145628.0
008 - FIXED-LENGTH DATA ELEMENTS--GENERAL INFORMATION
fixed length control field 140321s9999 xx 000 0 und d
020 ## - INTERNATIONAL STANDARD BOOK NUMBER
International Standard Book Number 9789711012182
050 ## - LIBRARY OF CONGRESS CALL NUMBER
Classification number DS 654
Item number .L959 2012
100 ## - MAIN ENTRY--PERSONAL NAME
Personal name Lozano, Jaime Escobar Y.
245 ## - TITLE STATEMENT
Title Index guide for travelers in the Philippine islands /
Statement of responsibility, etc Jaime Escobar Y Lozano.
260 ## - PUBLICATION, DISTRIBUTION, ETC. (IMPRINT)
Place of publication, distribution, etc Quezon City :
Name of publisher, distributor, etc New Day Pub.,
Date of publication, distribution, etc 2012.
300 ## - PHYSICAL DESCRIPTION
Extent 200 pages ;
Dimensions 23 cm.
650 ## - SUBJECT ADDED ENTRY--TOPICAL TERM
Topical term or geographic name as entry element Philippines
General subdivision Description and travel.
650 ## - SUBJECT ADDED ENTRY--TOPICAL TERM
Topical term or geographic name as entry element Philippines
General subdivision Guidebooks.
650 ## - SUBJECT ADDED ENTRY--TOPICAL TERM
Topical term or geographic name as entry element Philippines
General subdivision History.
942 ## - ADDED ENTRY ELEMENTS (KOHA)
Call number prefix Local
Koha item type Books
Source of classification or shelving scheme Library of Congress Classification
Holdings
Withdrawn status Lost status Source of classification or shelving scheme Damaged status Home library Current library Shelving location Date acquired Source of acquisition Total Checkouts Full call number Barcode Date last seen Price effective from Koha item type
    Library of Congress Classification   College Library College Library Filipiniana Section 03/21/2014 Library Fund   DS 654 .L959 2012 C17645 05/08/2018 03/21/2014 Books

Index guide for travelers in the Philippine islands /

APA

Lozano J. E. Y., . (2012). Index guide for travelers in the Philippine islands. Quezon City: New Day Pub.

Chicago

Lozano Jaime Escobar Y, . 2012. Index guide for travelers in the Philippine islands. Quezon City: New Day Pub.

Harvard

Lozano J. E. Y., . (2012). Index guide for travelers in the Philippine islands. Quezon City: New Day Pub.

MLA

Lozano Jaime Escobar Y, . Index guide for travelers in the Philippine islands. Quezon City: New Day Pub. 2012.

  • Place hold
  • Print
  • Cite
  • Add to your cart (remove)
  • Save record
    BIBTEX Dublin Core MARCXML MARC (non-Unicode/MARC-8) MARC (Unicode/UTF-8) MARC (Unicode/UTF-8, Standard) MODS (XML) RIS
  • More searches
    Search for this title in:
    Other Libraries (WorldCat) Other Databases (Google Scholar) Online Stores (Bookfinder.com) Open Library (openlibrary.org)

Exporting to Dublin Core...

SOUTHVILLE LIBRARY

Southville International School and Colleges Library

1281 Tropical Ave. Cor. Luxembourg St., BF Homes International, Las Pinas City

Tel. No. 8256374 / 252358 Loc. 117/146

Powered by Koha